| 000 | 00687nam a2200205 i 4500 | ||
|---|---|---|---|
| 001 | 151973 | ||
| 003 | ES-MaACL | ||
| 005 | 20250730063134.0 | ||
| 008 | 920728s1879 fr a |||| | fre d | ||
| 080 | _a612 | ||
| 100 | 1 |
_aBernard, Claude, _d1813-1878 _928231 |
|
| 245 | 1 | 0 |
_aLeçons de physiologie opératoire / _cpar Claude Bernard. |
| 260 |
_aParis : _bLibrairie J.-B. Baillière et fils, _c1879. |
||
| 300 |
_aXVI, 614 p. : _bil. ; _c22 cm. |
||
| 490 | 1 | _aCours de médecine du Collége de France | |
| 650 | 4 |
_aFisiología. _9136120 |
|
| 830 | 0 |
_aCours de médecine du Collége de France _9187688 |
|
| 852 |
_aES-MaACL _jB-576 _z- Enc. hol. |
||
| 999 |
_c151973 _d151973 |
||